[Event "2. BUNDESLIGA MITTE 2018/2019"]
[Site "Grieskirchen, Friedberg/Sauwald, St. Veit, Deutschlandsberg"]
[Date "2019.01.19"]
[Round "7"]
[Board "4"]
[White "Taggatz, Mario"]
[Black "Csonka, Attila"]
[Result "0-1"]
[WhiteElo "2210"]
[BlackElo "2375"]
[PlyCount "66"]
[EventDate "2018.10.19"]
[EventType "team"]
[EventRounds "11"]
[EventCountry "AUT"]
[WhiteTeam "SPG Sauwald"]
[BlackTeam "SPG Fuerstenfeld/Hartberg"]

1. d4 Nf6 2. Nf3 e6 3. Bg5 h6 4. Bh4 c5 5. c3 Be7 6. e3 d5 7. Nbd2 Nc6 8. Bd3
O-O 9. Ne5 Nxe5 10. dxe5 Nd7 11. Bxe7 Qxe7 12. f4 c4 13. Bc2 b5 14. Nf3 b4 15.
O-O Rb8 16. Nd4 Rb6 17. Rf3 f6 18. exf6 Nxf6 19. Rg3 bxc3 20. bxc3 e5 21. fxe5
Qxe5 22. Rb1 Rxb1 23. Bxb1 Bd7 24. Qd2 Bg4 25. Qc2 h5 26. Qg6 Ne4 27. Bxe4 dxe4
28. Nc6 Qxc3 29. Ne7+ Kh8 30. h3 Qa1+ 31. Kh2 Qe5 32. hxg4 h4 33. Nf5 Rxf5  0-1

[Event "2. BUNDESLIGA MITTE 2018/2019"]
[Site "Grieskirchen, Friedberg/Sauwald, St. Veit, Deutschlandsberg"]
[Date "2019.01.19"]
[Round "7"]
[Board "5"]
[White "Kuba, Guenter"]
[Black "Hiermann, Dietmar"]
[Result "1/2-1/2"]
[WhiteElo "2329"]
[BlackElo "2203"]
[PlyCount "135"]
[EventDate "2018.10.19"]
[EventType "team"]
[EventRounds "11"]
[EventCountry "AUT"]
[WhiteTeam "SPG Fuerstenfeld/Hartberg"]
[BlackTeam "SPG Sauwald"]

1. e4 e5 2. Nf3 Nc6 3. Bc4 Bc5 4. O-O d6 5. c3 Bb6 6. d3 Nf6 7. Nbd2 O-O 8. a4
a6 9. h3 Ne7 10. Re1 Ng6 11. d4 h6 12. Bf1 Ba7 13. b4 Re8 14. b5 axb5 15. axb5
Bd7 16. Bb2 exd4 17. cxd4 d5 18. e5 Nh7 19. Nb3 Ng5 20. Nxg5 Qxg5 21. Re3 Bb6
22. Ba3 Qd8 23. Rc3 c6 24. Nc5 Bc8 25. Bb4 Rxa1 26. Qxa1 Qh4 27. Rb3 Rd8 28.
Ba5 Bxa5 29. Qxa5 Rf8 30. Qd2 b6 31. Na4 c5 32. Nxb6 cxd4 33. g3 Qe7 34. Qxd4
Qxe5 35. Qxe5 Nxe5 36. Nxc8 Rxc8 37. b6 Rb8 38. b7 Kf8 39. Bg2 d4 40. f4 Nc4
41. Kf2 Ke7 42. Rb4 Nd6 43. Rxd4 Kd7 44. Bd5 Kc7 45. Rb4 Nxb7 46. Bxf7 Nd6 47.
Rxb8 Kxb8 48. Be6 Kc7 49. Ke3 Kd8 50. Kd4 Ke7 51. Ke5 Nb7 52. Bc4 Nd6 53. Bd5
Nb5 54. g4 Nd6 55. Bb3 Nb5 56. Bc4 Nd6 57. Bd5 Nb5 58. Bc4 Nd6 59. Bd3 Kd7 60.
h4 Ke7 61. h5 Kd7 62. Be4 Ke7 63. Bc6 Nc4+ 64. Kf5 Kf8 65. Kg6 Ne3 66. Bf3 Kg8
67. Be2 Kh8 68. Bf3  1/2-1/2

[Event "2. BUNDESLIGA MITTE 2018/2019"]
[Site "Grieskirchen, Friedberg/Sauwald, St. Veit, Deutschlandsberg"]
[Date "2019.01.19"]
[Round "7"]
[Board "6"]
[White "Hellmayr, Alois"]
[Black "Postl, Anton"]
[Result "1/2-1/2"]
[WhiteElo "2283"]
[BlackElo "2288"]
[PlyCount "42"]
[EventDate "2018.10.19"]
[EventType "team"]
[EventRounds "11"]
[EventCountry "AUT"]
[WhiteTeam "SPG Sauwald"]
[BlackTeam "SPG Fuerstenfeld/Hartberg"]

1. Nf3 Nf6 2. d4 g6 3. Nbd2 d5 4. e3 Bg7 5. b4 a5 6. b5 c5 7. bxc6 bxc6 8. Ba3
O-O 9. Be2 Na6 10. O-O c5 11. Ne5 Qc7 12. c3 Nd7 13. Nxd7 Qxd7 14. dxc5 Qc7 15.
Nb3 a4 16. Nd4 Nxc5 17. Nb5 Qc6 18. Nd4 Qc7 19. Nb5 Qc6 20. Nd4 Qc7 21. Nb5 Qc6
 1/2-1/2

[Event "2. BUNDESLIGA MITTE 2018/2019"]
[Site "Grieskirchen, Friedberg/Sauwald, St. Veit, Deutschlandsberg"]
[Date "2019.01.19"]
[Round "7"]
[Board "1"]
[White "Genser, Harald"]
[Black "Schwabeneder, Florian"]
[Result "1/2-1/2"]
[WhiteElo "2274"]
[BlackElo "2430"]
[PlyCount "112"]
[EventDate "2018.10.19"]
[EventType "team"]
[EventRounds "11"]
[EventCountry "AUT"]
[WhiteTeam "SC Die Klagenfurter"]
[BlackTeam "SPK Grieskirchen/Schallerbach"]

1. d4 Nf6 2. Bf4 g6 3. Nc3 d6 4. e4 a6 5. a4 Bg7 6. Qd2 O-O 7. Nf3 Nc6 8. Bh6
d5 9. Bxg7 Kxg7 10. exd5 Nxd5 11. Bc4 Nb6 12. Be2 Bg4 13. d5 Bxf3 14. Bxf3 Ne5
15. Be2 a5 16. f4 Ned7 17. Qd4+ Nf6 18. O-O-O c6 19. dxc6 bxc6 20. Qc5 Qc7 21.
g3 Rfc8 22. f5 Nbd5 23. fxg6 hxg6 24. Bf3 e6 25. Rhf1 Qa7 26. Qxa7 Rxa7 27. Rd3
Rb7 28. b3 g5 29. Ne4 Nxe4 30. Bxe4 f5 31. Bh1 Kf6 32. c4 Nb4 33. Rd6 Ke7 34.
c5 Rd7 35. Rxd7+ Kxd7 36. Rd1+ Ke7 37. Rd6 Rh8 38. h4 gxh4 39. gxh4 Rxh4 40.
Bxc6 Rh2 41. Bb5 Rc2+ 42. Kd1 Rxc5 43. Rb6 e5 44. Bc4 Nc6 45. Kd2 Nd4 46. Kd3
Rc6 47. Rb7+ Kd6 48. Ra7 Rc5 49. Ra8 Nc6 50. Ke3 Ke7 51. Ra6 Nd4 52. Kd3 f4 53.
Ke4 f3 54. Ra7+ Kf6 55. Rf7+ Kg6 56. Rf8 Kg7  1/2-1/2

[Event "2. BUNDESLIGA MITTE 2018/2019"]
[Site "Grieskirchen, Friedberg/Sauwald, St. Veit, Deutschlandsberg"]
[Date "2019.01.19"]
[Round "7"]
[Board "2"]
[White "Haba, Petr"]
[Black "Petschar, Kurt"]
[Result "1-0"]
[WhiteElo "2445"]
[BlackElo "2239"]
[PlyCount "71"]
[EventDate "2018.10.19"]
[EventType "team"]
[EventRounds "11"]
[EventCountry "AUT"]
[WhiteTeam "SPK Grieskirchen/Schallerbach"]
[BlackTeam "SC Die Klagenfurter"]

1. e4 e5 2. Nf3 Nc6 3. Bc4 Nf6 4. d3 Bc5 5. O-O O-O 6. a4 a5 7. c3 d6 8. Bb3 h6
9. Nbd2 Ba7 10. h3 Ne7 11. Re1 Ng6 12. Nf1 Re8 13. Ng3 c6 14. d4 Be6 15. Bc2
Qc7 16. Be3 b5 17. Qd2 Rab8 18. axb5 cxb5 19. Bxh6 gxh6 20. Qxh6 Qe7 21. Rxa5
Bb6 22. Rxb5 Qf8 23. Qxf8+ Kxf8 24. Ra1 Rec8 25. Ra6 Bc4 26. Rbxb6 Bxa6 27.
Rxa6 Rxb2 28. dxe5 Ng8 29. Ba4 dxe5 30. Bd7 Rxc3 31. Ra8+ Ke7 32. Bf5 Rc1+ 33.
Kh2 Nf6 34. Bxg6 fxg6 35. Nxe5 Rxf2 36. Nd3  1-0

[Event "2. BUNDESLIGA MITTE 2018/2019"]
[Site "Grieskirchen, Friedberg/Sauwald, St. Veit, Deutschlandsberg"]
[Date "2019.01.19"]
[Round "7"]
[Board "3"]
[White "Jakits, Leopold"]
[Black "Kilgus, Georg"]
[Result "0-1"]
[WhiteElo "2175"]
[BlackElo "2436"]
[PlyCount "55"]
[EventDate "2018.10.19"]
[EventType "team"]
[EventRounds "11"]
[EventCountry "AUT"]
[WhiteTeam "SC Die Klagenfurter"]
[BlackTeam "SPK Grieskirchen/Schallerbach"]

1. c4 e6 2. g3 d5 3. Bg2 d4 4. Nf3 c5 5. O-O Ne7 6. b4 cxb4 7. Qa4+ Nec6 8. Ne5
Qc7 9. Nxc6 Nxc6 10. a3 Bd7 11. d3 a5 12. Qb5 Ra7 13. Bf4 e5 14. Bxc6 bxc6 15.
Qxe5+ Qxe5 16. Bxe5 c5 17. axb4 f6 18. Bb8 Rb7 19. Bf4 g5 20. Bc1 axb4 21. f4
g4 22. e3 dxe3 23. Re1 Kf7 24. Bxe3 Be7 25. Nd2 Bf5 26. Nb3 Rd8 27. Ra5 Rc7 28.
d4  0-1

[Event "2. BUNDESLIGA MITTE 2018/2019"]
[Site "Grieskirchen, Friedberg/Sauwald, St. Veit, Deutschlandsberg"]
[Date "2019.01.19"]
[Round "7"]
[Board "4"]
[White "Webersberger, Johann"]
[Black "Waldmann, Gerald"]
[Result "1/2-1/2"]
[WhiteElo "2368"]
[BlackElo "2151"]
[PlyCount "58"]
[EventDate "2018.10.19"]
[EventType "team"]
[EventRounds "11"]
[EventCountry "AUT"]
[WhiteTeam "SPK Grieskirchen/Schallerbach"]
[BlackTeam "SC Die Klagenfurter"]

1. d4 d5 2. c4 e5 3. dxe5 d4 4. Nf3 Nc6 5. a3 a5 6. g3 Nge7 7. Bg2 Nf5 8. O-O
Be7 9. Nbd2 g5 10. Ne4 g4 11. Ne1 Nxe5 12. Nd3 Ng6 13. Bd2 O-O 14. b4 axb4 15.
axb4 Rxa1 16. Qxa1 Be6 17. Rc1 b6 18. b5 Ng7 19. Bf4 f5 20. Nd2 Nh5 21. Bh6 Rf7
22. Qa8 Qxa8 23. Bxa8 Nf6 24. Bg2 Nd7 25. Ra1 Ndf8 26. Ra8 Rf6 27. Bg5 Rf7 28.
Bh6 Rf6 29. Bg5 Rf7  1/2-1/2

[Event "2. BUNDESLIGA MITTE 2018/2019"]
[Site "Grieskirchen, Friedberg/Sauwald, St. Veit, Deutschlandsberg"]
[Date "2019.01.19"]
[Round "7"]
[Board "5"]
[White "Opietnik, Christoph"]
[Black "Lentrodt, Thomas"]
[Result "1/2-1/2"]
[WhiteElo "2081"]
[BlackElo "2281"]
[PlyCount "122"]
[EventDate "2018.10.19"]
[EventType "team"]
[EventRounds "11"]
[EventCountry "AUT"]
[WhiteTeam "SC Die Klagenfurter"]
[BlackTeam "SPK Grieskirchen/Schallerbach"]

1. e4 e6 2. d4 d5 3. Nd2 Nf6 4. e5 Nfd7 5. Bd3 c5 6. c3 cxd4 7. cxd4 Nc6 8. Ne2
Qb6 9. Nf3 f6 10. exf6 Nxf6 11. O-O Bd6 12. Nf4 O-O 13. Re1 Bxf4 14. Bxf4 Bd7
15. Bd6 Rfe8 16. Bc5 Qc7 17. Rc1 Qf4 18. g3 Qg4 19. b4 a6 20. a4 Ne7 21. b5
axb5 22. axb5 Ng6 23. Ne5 Qxd1 24. Rexd1 Nxe5 25. dxe5 Ng4 26. Bd4 Rec8 27. h3
Nh6 28. Ra1 Nf5 29. Bb6 Rxa1 30. Rxa1 Rc3 31. Bxf5 exf5 32. Ra7 Bc8 33. e6 Bxe6
34. Rxb7 Rc4 35. Re7 Bc8 36. Re5 Kf7 37. Rxd5 Rc1+ 38. Kh2 Ke6 39. Rc5 Rxc5 40.
Bxc5 Bb7 41. Be3 Kd5 42. g4 Ke4 43. Kg3 Bd5 44. Bc1 g6 45. b6 Bb7 46. f3+ Ke5
47. Bb2+ Ke6 48. Kf4 fxg4 49. fxg4 Bc6 50. Kg5 Kf7 51. Kh6 Kg8 52. Be5 Bb7 53.
Bd6 Bc6 54. h4 Bb7 55. h5 gxh5 56. Kxh5 Kf7 57. Kh6 Be4 58. Be5 Ke6 59. Bc3 Kd7
60. Be5 Kc6 61. Bd4 Kb7  1/2-1/2

[Event "2. BUNDESLIGA MITTE 2018/2019"]
[Site "Grieskirchen, Friedberg/Sauwald, St. Veit, Deutschlandsberg"]
[Date "2019.01.19"]
[Round "7"]
[Board "6"]
[White "Obermayr, Hermann"]
[Black "Putz, Georg"]
[Result "1-0"]
[WhiteElo "2145"]
[BlackElo "2092"]
[PlyCount "133"]
[EventDate "2018.10.19"]
[EventType "team"]
[EventRounds "11"]
[EventCountry "AUT"]
[WhiteTeam "SPK Grieskirchen/Schallerbach"]
[BlackTeam "SC Die Klagenfurter"]

1. d4 Nf6 2. Nf3 g6 3. c4 Bg7 4. Nc3 d5 5. cxd5 Nxd5 6. Qa4+ Bd7 7. Qb3 Bc6 8.
e3 e6 9. Be2 Nd7 10. O-O O-O 11. Re1 Qe7 12. Bd2 Rfc8 13. Rac1 N7b6 14. a3 a5
15. Nb5 a4 16. Qc2 Qe8 17. Nc3 Nxc3 18. bxc3 Qe7 19. Qa2 Be4 20. c4 c5 21. dxc5
Qxc5 22. Nd4 Qc7 23. Nb5 Qb8 24. Bb4 Bf8 25. Bc3 e5 26. Red1 Bc5 27. Qb2 f6 28.
Bb4 Bf5 29. Bxc5 Rxc5 30. Nd6 Qc7 31. g4 Be6 32. Ne4 Nxc4 33. Bxc4 Rxc4 34.
Rxc4 Qxc4 35. Nxf6+ Kf7 36. Rc1 Qxc1+ 37. Qxc1 Kxf6 38. Qd1 Rc8 39. Qxa4 Rc4
40. Qe8 Rxg4+ 41. Kf1 h5 42. f3 Rc4 43. Qh8+ Kf7 44. Qxe5 Rc2 45. h4 b5 46.
Qf4+ Kg7 47. Kg1 Rc1+ 48. Kf2 Bc4 49. Qd4+ Kf7 50. Kg3 Be6 51. Qf4+ Ke7 52.
Qg5+ Kf7 53. Qxb5 Rg1+ 54. Kf2 Rh1 55. Qb7+ Kf6 56. Qb2+ Kf7 57. Qd4 Rh2+ 58.
Ke1 Ra2 59. Qc5 Ra1+ 60. Kf2 Rh1 61. Qc7+ Kf6 62. a4 Rb1 63. a5 Rb2+ 64. Kg3
Ra2 65. e4 Ra3 66. e5+ Kf5 67. Qc2+  1-0

[Event "2. BUNDESLIGA MITTE 2018/2019"]
[Site "Grieskirchen, Friedberg/Sauwald, St. Veit, Deutschlandsberg"]
[Date "2019.01.19"]
[Round "7"]
[Board "1"]
[White "Schachinger, Mario"]
[Black "Leisch, Lukas"]
[Result "1/2-1/2"]
[WhiteElo "2396"]
[BlackElo "2338"]
[PlyCount "118"]
[EventDate "2018.10.19"]
[EventType "team"]
[EventRounds "11"]
[EventCountry "AUT"]
[WhiteTeam "Frauental"]
[BlackTeam "Freistadt/Wartberg"]

1. c4 Nf6 2. Nc3 e6 3. e4 d5 4. e5 d4 5. exf6 dxc3 6. bxc3 Qxf6 7. d4 b6 8. Be2
Bb7 9. Bf3 Bxf3 10. Nxf3 Bd6 11. Qa4+ c6 12. O-O O-O 13. Rb1 Qd8 14. Rd1 Qc7
15. c5 bxc5 16. dxc5 Bxc5 17. Bf4 Qc8 18. Qc4 Be7 19. Bd6 Bxd6 20. Rxd6 Rd8 21.
Rbd1 Rxd6 22. Rxd6 Nd7 23. Qxc6 Qxc6 24. Rxc6 Kf8 25. Kf1 Ke7 26. Nd4 Ne5 27.
Ra6 Kd7 28. Ke2 Kc7 29. f4 Ng6 30. g3 e5 31. fxe5 Nxe5 32. Nf3 Nxf3 33. Kxf3
Kb7 34. Ra4 Re8 35. Rb4+ Kc6 36. Rc4+ Kb6 37. Rh4 h6 38. Rg4 g6 39. Rb4+ Kc6
40. Rc4+ Kb6 41. Rb4+ Kc6 42. Rf4 Re7 43. g4 Kc5 44. h4 Re1 45. Kf2 Re7 46. Rf6
Kc4 47. h5 gxh5 48. gxh5 Re6 49. Rxf7 Kxc3 50. Rxa7 Re5 51. Ra3+ Kb2 52. Rh3
Kxa2 53. Kg3 Re3+ 54. Kg4 Rxh3 55. Kxh3 Kb3 56. Kg4 Kc4 57. Kf5 Kd5 58. Kg6 Ke6
59. Kxh6 Kf6  1/2-1/2

[Event "2. BUNDESLIGA MITTE 2018/2019"]
[Site "Grieskirchen, Friedberg/Sauwald, St. Veit, Deutschlandsberg"]
[Date "2019.01.19"]
[Round "7"]
[Board "2"]
[White "Koller, Hans-Juergen"]
[Black "Mohr, Georg"]
[Result "1-0"]
[WhiteElo "2163"]
[BlackElo "2449"]
[PlyCount "77"]
[EventDate "2018.10.19"]
[EventType "team"]
[EventRounds "11"]
[EventCountry "AUT"]
[WhiteTeam "Freistadt/Wartberg"]
[BlackTeam "Frauental"]

1. Nf3 c5 2. c4 g6 3. d4 Bg7 4. d5 e6 5. e4 d6 6. Nc3 exd5 7. exd5 Bg4 8. Bd3
Nd7 9. h3 Bxf3 10. Qxf3 Qe7+ 11. Qe2 Qxe2+ 12. Kxe2 Bxc3 13. bxc3 Ne5 14. Bf4
O-O-O 15. Kd2 Re8 16. Rhe1 Nf6 17. Bf1 Nfd7 18. Kc2 f6 19. Re3 g5 20. Bh2 Nb6
21. Rae1 Kd7 22. Kb3 Re7 23. Bd3 Rhe8 24. Bxe5 dxe5 25. Kc2 Kc7 26. h4 h6 27.
f3 Nc8 28. hxg5 hxg5 29. Rh1 Nd6 30. g4 b5 31. cxb5 c4 32. Be4 Nxb5 33. a4 Nd6
34. Rh6 Rf8 35. Re1 Kb6 36. Rb1+ Kc5 37. Rb2 f5 38. gxf5 g4 39. Rb5+  1-0

[Event "2. BUNDESLIGA MITTE 2018/2019"]
[Site "Grieskirchen, Friedberg/Sauwald, St. Veit, Deutschlandsberg"]
[Date "2019.01.19"]
[Round "7"]
[Board "3"]
[White "Steiner, Stefan"]
[Black "Mayerhofer, Peter"]
[Result "1-0"]
[WhiteElo "2319"]
[BlackElo "2181"]
[PlyCount "81"]
[EventDate "2018.10.19"]
[EventType "team"]
[EventRounds "11"]
[EventCountry "AUT"]
[WhiteTeam "Frauental"]
[BlackTeam "Freistadt/Wartberg"]

1. Nf3 g6 2. g3 Bg7 3. Bg2 c5 4. c4 Nc6 5. Nc3 e6 6. d3 Nge7 7. Bd2 O-O 8. O-O
d5 9. cxd5 exd5 10. Qa4 b6 11. a3 Bb7 12. b4 cxb4 13. axb4 Qd6 14. Rab1 Rfd8
15. Rfc1 Nf5 16. b5 Ncd4 17. Nxd4 Nxd4 18. e3 Ne6 19. d4 Qe7 20. Qb3 Qg5 21.
Qd1 Qf5 22. Qc2 Qh5 23. Qd1 Qf5 24. Qf3 Qd3 25. Rb2 Rac8 26. Bf1 Nxd4 27. Qd1
Qf5 28. exd4 Bxd4 29. Be1 Bc5 30. Na4 Ba3 31. Rxc8 Rxc8 32. Rb3 Rc1 33. Qe2 Bf8
34. Rc3 Rxc3 35. Nxc3 d4 36. g4 Qf4 37. Bd2 Qf3 38. Qxf3 Bxf3 39. Ne2 Bxg4 40.
Nxd4 Bf5 41. Nc6  1-0

[Event "2. BUNDESLIGA MITTE 2018/2019"]
[Site "Grieskirchen, Friedberg/Sauwald, St. Veit, Deutschlandsberg"]
[Date "2019.01.19"]
[Round "7"]
[Board "4"]
[White "Rechberger, Franz"]
[Black "Ebner, Hubert"]
[Result "1/2-1/2"]
[WhiteElo "2115"]
[BlackElo "2243"]
[PlyCount "31"]
[EventDate "2018.10.19"]
[EventType "team"]
[EventRounds "11"]
[EventCountry "AUT"]
[WhiteTeam "Freistadt/Wartberg"]
[BlackTeam "Frauental"]

1. e4 c5 2. Nf3 Nc6 3. Bb5 g6 4. Bxc6 dxc6 5. O-O Bg7 6. d3 Nf6 7. Nbd2 O-O 8.
Qe2 b6 9. Rb1 Ne8 10. Nc4 Nd6 11. b3 Nb5 12. Qe1 Nc3 13. Rb2 Nb5 14. Rb1 Nc3
15. Rb2 Nb5 16. Rb1  1/2-1/2

[Event "2. BUNDESLIGA MITTE 2018/2019"]
[Site "Grieskirchen, Friedberg/Sauwald, St. Veit, Deutschlandsberg"]
[Date "2019.01.19"]
[Round "7"]
[Board "5"]
[White "Krebs, Johann"]
[Black "Traunwieser, Georg"]
[Result "1-0"]
[WhiteElo "2196"]
[BlackElo "2102"]
[PlyCount "97"]
[EventDate "2018.10.19"]
[EventType "team"]
[EventRounds "11"]
[EventCountry "AUT"]
[WhiteTeam "Frauental"]
[BlackTeam "Freistadt/Wartberg"]

1. d4 Nf6 2. Nf3 d5 3. c4 e6 4. Nc3 c6 5. e3 Nbd7 6. b3 Bb4 7. Bd2 O-O 8. Bd3
Bd6 9. O-O dxc4 10. bxc4 e5 11. Qc2 Re8 12. Rae1 Bc7 13. dxe5 Bxe5 14. Nxe5
Nxe5 15. Be2 Be6 16. Nb1 g6 17. Bc3 Bf5 18. Qb2 Nfd7 19. Rd1 Qc7 20. f3 Nb6 21.
Qb4 a5 22. Qb3 a4 23. Qb2 Nbxc4 24. Qc1 Bxb1 25. f4 Be4 26. fxe5 Nxe5 27. Rf4
f5 28. Bb2 Qa5 29. h4 h5 30. Rd4 a3 31. Bc3 Qc7 32. Qe1 c5 33. Rd1 Rad8 34.
Rxd8 Rxd8 35. Qg3 Ng4 36. Rxg4 Qxg3 37. Rxg3 Bc6 38. Rxg6+ Kf8 39. Bc4 Rd1+ 40.
Kh2 Bd5 41. Rd6 Rc1 42. Rxd5 Rxc3 43. Rxc5 Ke7 44. Rc8 b6 45. Be6 Rxe3 46. Bxf5
Re2 47. Rc2 Re5 48. Rf2 b5 49. Bc2 {WeiÃŸ gewinnt nach 57 ZÃ¼gen}  1-0

[Event "2. BUNDESLIGA MITTE 2018/2019"]
[Site "Grieskirchen, Friedberg/Sauwald, St. Veit, Deutschlandsberg"]
[Date "2019.01.19"]
[Round "7"]
[Board "6"]
[White "Oberngruber, Thomas"]
[Black "Khalakhan, Jurij"]
[Result "1/2-1/2"]
[WhiteElo "2112"]
[BlackElo "2279"]
[PlyCount "58"]
[EventDate "2018.10.19"]
[EventType "team"]
[EventRounds "11"]
[EventCountry "AUT"]
[WhiteTeam "Freistadt/Wartberg"]
[BlackTeam "Frauental"]

1. e4 c5 2. Nc3 e6 3. Nf3 Nc6 4. d4 cxd4 5. Nxd4 Qc7 6. a3 a6 7. Be3 Nf6 8. Be2
d6 9. Qd2 Be7 10. f4 Na5 11. Nb3 Nc4 12. Bxc4 Qxc4 13. Qd4 Qxd4 14. Bxd4 b5 15.
O-O O-O 16. Rad1 Ne8 17. Rfe1 Bd7 18. Bb6 Rc8 19. Ba5 f6 20. Bb4 Rf7 21. Na5
Bc6 22. Nxc6 Rxc6 23. f5 e5 24. Re2 Bd8 25. Red2 Bb6+ 26. Kf1 Bd4 27. Ne2 Bc5
28. Nc3 Bd4 29. Ne2 Bc5  1/2-1/2

[Event "2. BUNDESLIGA MITTE 2018/2019"]
[Site "Grieskirchen, Friedberg/Sauwald, St. Veit, Deutschlandsberg"]
[Date "2019.01.19"]
[Round "7"]
[Board "1"]
[White "Huber, Martin Christian"]
[Black "Halvax, Georg"]
[Result "1/2-1/2"]
[WhiteElo "2325"]
[BlackElo "2421"]
[PlyCount "86"]
[EventDate "2018.10.19"]
[EventType "team"]
[EventRounds "11"]
[EventCountry "AUT"]
[WhiteTeam "Schachfreunde Graz"]
[BlackTeam "SC MPOE Maria Saal II"]

1. d4 d5 2. c4 e6 3. Nf3 Nf6 4. Nc3 c6 5. e3 Nbd7 6. Qc2 Bd6 7. Bd3 dxc4 8.
Bxc4 O-O 9. O-O a6 10. Rd1 Qc7 11. Bd2 b5 12. Bd3 c5 13. Ne4 cxd4 14. Nxd6 Qxd6
15. Nxd4 Bb7 16. Be2 Rfc8 17. Qb3 Nc5 18. Qa3 e5 19. Nb3 Qd5 20. f3 Nxb3 21.
axb3 e4 22. Bc3 Qf5 23. f4 Nd5 24. Bd4 Rc2 25. Bf1 Rac8 26. Qa5 h6 27. Qe1 Qe6
28. Rdc1 Nb4 29. Qg3 g6 30. Rxc2 Nxc2 31. Rd1 Nxd4 32. Rxd4 Bd5 33. Qe1 Bxb3
34. Qd2 Bc4 35. Rd6 Qe7 36. Bxc4 bxc4 37. Rxa6 Rd8 38. Qc2 Qb4 39. Ra1 Rd3 40.
f5 g5 41. Qe2 Rd2 42. Qg4 Qxb2 43. Rf1 Qf6  1/2-1/2

[Event "2. BUNDESLIGA MITTE 2018/2019"]
[Site "Grieskirchen, Friedberg/Sauwald, St. Veit, Deutschlandsberg"]
[Date "2019.01.19"]
[Round "7"]
[Board "2"]
[White "Handler, Lukas"]
[Black "Kravanja, Georg"]
[Result "1/2-1/2"]
[WhiteElo "2415"]
[BlackElo "2284"]
[PlyCount "72"]
[EventDate "2018.10.19"]
[EventType "team"]
[EventRounds "11"]
[EventCountry "AUT"]
[WhiteTeam "SC MPOE Maria Saal II"]
[BlackTeam "Schachfreunde Graz"]

1. d4 d5 2. c4 e6 3. Nf3 Nf6 4. Nc3 Be7 5. e3 O-O 6. b3 c5 7. Bd3 b6 8. cxd5
cxd4 9. Nxd4 Nxd5 10. Nxd5 Qxd5 11. Qf3 Qxf3 12. gxf3 Bb7 13. Bb2 Nc6 14. Nxc6
Bxc6 15. Rg1 g6 16. Ke2 Rfd8 17. Rgd1 Bb7 18. f4 Rac8 19. Rac1 Rxc1 20. Rxc1
Rc8 21. Rd1 Ra8 22. a3 f5 23. Bd4 Kf7 24. Rc1 Rc8 25. Rxc8 Bxc8 26. b4 Bb7 27.
Bc4 Bd5 28. Bxd5 exd5 29. Kd3 Ke6 30. Kc3 Bd8 31. b5 Be7 32. a4 Bf6 33. Kd3
Bxd4 34. Kxd4 Kd6 35. h3 Ke6 36. Kd3 Kd6  1/2-1/2

[Event "2. BUNDESLIGA MITTE 2018/2019"]
[Site "Grieskirchen, Friedberg/Sauwald, St. Veit, Deutschlandsberg"]
[Date "2019.01.19"]
[Round "7"]
[Board "3"]
[White "Teuschler, Barbara"]
[Black "Naumann, Alexander"]
[Result "0-1"]
[WhiteElo "2203"]
[BlackElo "2538"]
[PlyCount "52"]
[EventDate "2018.10.19"]
[EventType "team"]
[EventRounds "11"]
[EventCountry "AUT"]
[WhiteTeam "Schachfreunde Graz"]
[BlackTeam "SC MPOE Maria Saal II"]

1. e4 c5 2. Nf3 d6 3. d4 cxd4 4. Nxd4 Nf6 5. Nc3 a6 6. g3 Nc6 7. Bg2 Bd7 8. O-O
e6 9. Be3 Be7 10. h3 Rc8 11. a4 Ne5 12. Kh2 O-O 13. f4 Nc4 14. Bc1 Qc7 15. Rf3
Qb8 16. b3 Na5 17. Bb2 Nc6 18. Qd2 Rfd8 19. Kh1 Nxd4 20. Qxd4 Bc6 21. Rd1 b5
22. axb5 axb5 23. Rff1 b4 24. Na2 d5 25. e5 Ne4 26. Qe3 Bb5  0-1

[Event "2. BUNDESLIGA MITTE 2018/2019"]
[Site "Grieskirchen, Friedberg/Sauwald, St. Veit, Deutschlandsberg"]
[Date "2019.01.19"]
[Round "7"]
[Board "4"]
[White "Rieger, Robert"]
[Black "Kastner, Walter"]
[Result "1-0"]
[WhiteElo "2297"]
[BlackElo "2214"]
[PlyCount "71"]
[EventDate "2018.10.19"]
[EventType "team"]
[EventRounds "11"]
[EventCountry "AUT"]
[WhiteTeam "SC MPOE Maria Saal II"]
[BlackTeam "Schachfreunde Graz"]

1. e4 e5 2. Nf3 Nf6 3. Nxe5 d6 4. Nf3 Nxe4 5. c4 Be7 6. d4 O-O 7. Bd3 d5 8. Nc3
Nxc3 9. bxc3 dxc4 10. Bxc4 Nd7 11. O-O Nb6 12. Bb3 Bg4 13. Qd3 Bf6 14. Re1 Qc8
15. Ne5 Bf5 16. Qf3 Be6 17. Bxe6 fxe6 18. Qg3 Bxe5 19. Rxe5 Rf6 20. Bg5 Rg6 21.
h4 Nd7 22. Re2 h6 23. Qd3 Nf8 24. Be7 Qe8 25. Bxf8 Kxf8 26. Qf3+ Rf6 27. Qxb7
Qc8 28. Qc6 a5 29. Rae1 Qa6 30. Qxc7 Rc8 31. Qg3 Qc6 32. Re3 Qd5 33. a3 a4 34.
R1e2 Kf7 35. Rb2 Qh5 36. Rb7+  1-0

[Event "2. BUNDESLIGA MITTE 2018/2019"]
[Site "Grieskirchen, Friedberg/Sauwald, St. Veit, Deutschlandsberg"]
[Date "2019.01.19"]
[Round "7"]
[Board "5"]
[White "Prato, Simon"]
[Black "Hartl, Daniel"]
[Result "0-1"]
[WhiteElo "2118"]
[BlackElo "2271"]
[PlyCount "98"]
[EventDate "2018.10.19"]
[EventType "team"]
[EventRounds "11"]
[EventCountry "AUT"]
[WhiteTeam "Schachfreunde Graz"]
[BlackTeam "SC MPOE Maria Saal II"]

1. e4 e5 2. Nf3 Nc6 3. Bb5 a6 4. Ba4 Nf6 5. d3 b5 6. Bb3 Bc5 7. O-O d6 8. c3 h6
9. d4 Bb6 10. h3 O-O 11. Be3 Bb7 12. Nbd2 Re8 13. dxe5 Nxe5 14. Bxb6 cxb6 15.
Nxe5 Rxe5 16. Re1 Qc7 17. f4 Re7 18. Qf3 Rae8 19. Bc2 b4 20. Rad1 b5 21. Bb1
bxc3 22. Qxc3 Qxc3 23. bxc3 Bxe4 24. Nxe4 Nxe4 25. Bxe4 Rxe4 26. Rxe4 Rxe4 27.
Rxd6 Ra4 28. Kf2 Rxa2+ 29. Kf3 g6 30. f5 Kh7 31. fxg6+ fxg6 32. Rd7+ Kg8 33.
Ra7 Ra3 34. Kf4 Rxc3 35. Rxa6 Kf7 36. Rb6 Rc4+ 37. Ke5 Rc5+ 38. Ke4 h5 39. g4
hxg4 40. hxg4 Kg7 41. Kf4 Kh6 42. Rb8 Rc4+ 43. Kf3 Rb4 44. Rb7 Kg5 45. Rb6 Rf4+
46. Ke3 b4 47. Ke2 Rxg4 48. Kf3 Rc4 49. Kg3 Rc3+  0-1

[Event "2. BUNDESLIGA MITTE 2018/2019"]
[Site "Grieskirchen, Friedberg/Sauwald, St. Veit, Deutschlandsberg"]
[Date "2019.01.19"]
[Round "7"]
[Board "6"]
[White "Ertl, Johann"]
[Black "Kristoferitsch, Daniel"]
[Result "1/2-1/2"]
[WhiteElo "2255"]
[BlackElo "1992"]
[PlyCount "96"]
[EventDate "2018.10.19"]
[EventType "team"]
[EventRounds "11"]
[EventCountry "AUT"]
[WhiteTeam "SC MPOE Maria Saal II"]
[BlackTeam "Schachfreunde Graz"]

1. e4 e6 2. d4 d5 3. Nd2 c5 4. Ngf3 cxd4 5. exd5 Qxd5 6. Bc4 Qd8 7. O-O Nc6 8.
Nb3 a6 9. Bf4 Bd6 10. Bxd6 Qxd6 11. Re1 Nge7 12. Nbxd4 Nxd4 13. Nxd4 O-O 14. c3
Nc6 15. Nxc6 Qxc6 16. Be2 Qc7 17. Bf3 Bd7 18. Qe2 Bc6 19. Bxc6 Qxc6 20. Rad1
Rfd8 21. Rxd8+ Rxd8 22. Rd1 Qc7 23. c4 Kf8 24. g3 h6 25. h4 Rxd1+ 26. Qxd1 Ke7
27. Qd4 g6 28. b4 h5 29. a3 Qd6 30. Qe4 Qc6 31. Qxc6 bxc6 32. Kf1 a5 33. Ke2
axb4 34. axb4 f6 35. Ke3 e5 36. Ke4 Ke6 37. Kd3 g5 38. Ke3 gxh4 39. gxh4 f5 40.
Kd3 Kd6 41. Kc3 Kc7 42. b5 Kb6 43. Kb4 cxb5 44. cxb5 e4 45. Kc4 f4 46. Kd4 e3
47. fxe3 fxe3 48. Kxe3 Kxb5  1/2-1/2